000 00826nam a2200241Ia 4500
003 GCL
008 140319s9999 xx 000 0 ara d
040 _aGCL /
_cGCL
082 0 4 _aق
_b932.023
_bا م
100 1 _aراشد محمد نوير
245 1 0 _aمصر فى العصر العتيق الاسرتان الاولى والثانية (هدية من الاديب عبدالفتاح الجمل) /
_cراشد محمد نوير
700 1 _aمحمد على كمال الدين (مترجم)
700 1 _aعبدالمنعم ابوبكر
700 1 _aامرى ، والتر . ب
300 _a256 ص
490 _a
650 0 4 _aتاريخ
650 0 4 _aمصر القديمة
650 0 4 _aالفراعنة
650 0 4 _aالحضارة الفرعونية
650 0 4 _aعصر الاسرات
942 _2ddc
_cBK
999 _c38304
_d38304